عرض عادي
عرض مارك
- اللبدي، محمد سمير.
مدخل إسم شخص
001 - رقم الضبط
- حقل الضبط: 12667
003 - معرف رقم الضبط
- حقل الضبط: OSt
005 - تاريخ ووقت أخر عملية
- حقل الضبط: 20120508133327.0
008 - عناصر بيانات ثابتة الطول
- حقل تحكم ثابت الطول: 120508|||a|||||| | ||| d
040 ## - مصدر الفهرسة
- هيئة الفهرسة الأصلية: OSt
- وكالة الكتابة: OSt
100 ## - مدخل -- أسم شخص
- إسم شخص: اللبدي، محمد سمير.
670 ## - بيانات المصدر موجوده
- الاستشهاد بالمصدر: Work cat.: (OSt): زهدي، عبد الرؤوف. 12665, مهارات القراءة /, 2012.
